=LDR 00000nam 2200000 4500 =001 INLIS000000000014880 =005 20130612110149 =008 ***********************************Ind** =035 ##$$0010-061300000014880 =041 ##$$a Ind =082 ##$$a 648 =090 ##$$a 648, Per t =100 ##$$a Perwani, yayuk Sri =245 ##$$a Teori dan petunjuk praktek Housekeeping untuk akademi perhotelan, Make up room, Yayuk Sri Perwani =260 ##$$a 2004 $b Jakarta =300 ##$$a vii, 81 hlm, Ilus, 21 cm =650 ##$$a Rumah tangga Hotel =850 ##$$a NBPNMAT